MARC

LEADER 00000nam0a2200000 4500
001 683533
005 20251128142553.0
090 |a 683533 
100 |a 20251128d1977 km|y0rusy50 ca 
101 0 |a rus 
102 |a RU 
105 |a a z 001yy 
181 0 |a i   |b  e  
182 0 |a n 
183 0 |a nc  |2 RDAcarrier 
200 1 |a Методы повышения качества аэрокосмических снимков  |f Ю. И. Фивенский  |g Московский государственный университет им. М. В. Ломоносова 
203 |a Текст  |b визуальный  |c непосредственный 
210 |a Москва  |c Изд-во московского ун-та  |d 1977 
215 |a 159 с.  |c ил. 
283 |a volume  |2 RDAcarrier 
320 |a Литература: с. 151-157 
606 |a Космические снимки  |x Качество  |9 42069 
610 1 |a аэрокосмические фотоснимки 
610 1 |a изображение 
610 1 |a сдвиг 
610 1 |a характеристики 
610 1 |a резкость 
610 1 |a коррекция 
675 |a 528.71  |v 4 
700 1 |a  Фивенский  |b Ю. И.  |g Юрий Иванович 
712 0 2 |a Московский государственный университет им. М. В. Ломоносова  |c (1940- )  |4 570  |9 23122 
801 0 |a RU  |b 63413507  |c 20251128 
830 |a Ретро2025Каталогизация Шило 
850 |a 63413507 
942 |c BK